Conference "200 Years of the New Jewish Cemetery in Kraków", Cracow (26th October 2004)

Titel: Conference "200 Years of the New Jewish Cemetery in Kraków", Cracow (26th October 2004)
Verfasser:
In: Uniwersytet Jagielloński w Krakowie. Instytut Judaistyki: Scripta judaica cracoviensia, Band 3 (2005), Seite 87-89
alle Artikel anzeigen
Veröffentlicht: 2005
Format: Aufsatz
Sprache: Englisch
Kein Bild verfügbar
X
alg: 39426645
001A    $01999:12-11-16 
001B    $01999:26-07-19 $t15:37:20.000 
001D    $01999:12-11-16 
001U    $0utf8 
001X    $00 
002@    $0Aox 
003@    $0394266455 
007A    $0394266455 $aHEB 
007T    $0Herdk89023 
010@    $aeng 
011@    $a2005 
021A    $aConference "200 Years of the New Jewish Cemetery in Kraków", Cracow (26th October 2004) 
028A    $aGąsiorowski $dStefan 
031A    $d3 $h87-89 $j2005 
039B    $aIn $8--Abvc--Uniwersytet Jagielloński w Krakowie$bInstytut Judaistyki [Tb1]. Scripta judaica cracoviensia. - Kraków : Wydawn Uniw. Jagiellónskiego, 2002-. - ISSN 1733-5760 $x200500000030000913 $9119947331 
045T    $aJUDAICA $qDE-30 $2FID 
045T    $a7,7 

lok: 39426645 78

exp: 39426645 78 1 #EPN
201B/01 $026-11-17 $t23:24:08.000 
201U/01 $0utf8 
203@/01 $0790376970 
208@/01 $a12-11-16 $be 
209A/01 $a/ $f000 $x00 
220C/01 $aTitelaufnehmer: pbb 
220C/01 $aHerkunft: PBB/IH PAN 
244Z/01 $2Trx $#Poola $#Lenkija $#Polija $#Polen Land $#Poland $#Lengyelország $#Poľsko $#Polsko $8--Trx--Polska$gkraj $x01 $9391345966 
244Z/01 $#Krakau $#Kraków $#Cracovie $#Cracovia $#Cracow $#Krakoi $#Krakov $#Cracov $74073760-3 $8--Tg1--Krakau $x02 $9085207705 
244Z/01 $aGeschichte 1800-2004 $x03 
244Z/01 $2Trx $#kalmistud, juudi $#žydų kapinės $#Cemeteries, Jewish $#temetök, zsidó $#cmentarze żydowskie $#cintoríny židovské $#hřbitovy židovské $8--Trx--Friedhöfe, jüdische $x04 $9391355791 
244Z/01 $2Trx $#konverentsid, teaduslikud $#mokslinės konferencijos $#Conferences, scholarly $#konferenciák, tudományos $#konferencje naukowe $#konferencie, vedecké $#konference vědecké $#Tagungen $#obrady $#zasadania $8--Trx--Konferenzen, wissenschaftliche $x05 $9391373897 
244Z/01 $2Trx $8--Trx--Zeitschriftenaufsatz $x06 $9391384341 
244Z/01 $2Trx $#tegevusaruanne $#veiklos ataskaitos $#progress reports $#tevékenységi beszámolók $#sprawozdania z działalności $#správy o činnosti $#zprávy o činnosti $8--Trx--Tätigkeitsberichte $x07 $9391354353 
244Z/01 $2Trx $#uuringute aruanne $#mokslinės ataskaitos $#Research reports $#kutatói beszámolók $#sprawozdania z badań $#správy výskumné $#zprávy výzkumné $#Literaturberichte $#správy literárne $8--Trx--Forschungsberichte $x08 $9391383523 
245Z/01 $a01.05 $x01 
247C/01 $82080>Marburg/Lahn, Herder-Institut, Forschungsbibliothek, Bibliographieportal $9336309341
LEADER 00000caa a22000002c 4500
001 394266455
003 DE-603
005 20190726153720.0
007 tu
008 161112s2005 xx |||| | u00||u|eng c
035 |a (DE-599)HEB394266455 
040 |a DE-603  |b ger  |c DE-603  |d DE-603 
041 |a eng 
084 |a JUDAICA  |q DE-30  |2 fid 
084 |a 7,7  |2 ssgn 
100 1 |a Gąsiorowski, Stefan 
245 0 0 |a Conference "200 Years of the New Jewish Cemetery in Kraków", Cracow (26th October 2004) 
264 0 |c 2005 
773 0 8 |i In  |a Uniwersytet Jagielloński w Krakowie. Instytut Judaistyki  |t Scripta judaica cracoviensia  |d Kraków : Wydawn Uniw. Jagiellónskiego, 2002-  |x 1733-5760  |g Band 3 (2005), Seite 87-89  |w (DE-603)119947331  |w (DE-600)2141449-X 
924 0 |9 2080  |a (DE-603)790376970  |b DE-2080  |c HES  |d d  |g /